Tvorba portálu ŠVK bakalárska práca

Gespeichert in:
Bibliographische Detailangaben
1. Verfasser: Nosko, Jakub
Format: Buch
Sprache:Slowakisch
Veröffentlicht: Bratislava STU FCHPT 2017
Online-Zugang:Im OPAC anzeigen
Tags: Tag hinzufügen
Keine Tags, Fügen Sie das erste Tag hinzu!

MARC

LEADER 00000nam a2200000 a 4500
005 20260127134346.0
008 171130 2017 xo 001 0 slo d
035 |a vtls011724734 
039 9 |y 201711301323  |z mschk03 
040 |a STUSCHK1  |b slo  |c STUSCHK1  |e AACR2 
100 1 |a Nosko, Jakub 
245 1 |a Tvorba portálu ŠVK  |b bakalárska práca  |c Jakub Nosko 
260 |a Bratislava  |b STU FCHPT  |c 2017 
300 |a 34 s.  |b il.  |c 25 cm 
500 |a Študijný program: automatizácia, informatizácia a manažment v chémii a potravinárstve 
500 |a Študijný odbor: automatizácia, priemyselné inžinierstvo 
500 |a Školiace pracovisko: Ústav informatizácie, automatizácie a matematiky 
500 |a Evid. číslo: FCHPT-12283-76945 
910 |a SCHK95 
999 |c 10770  |d 10770